Elements by Atomic Number/Alphabetical/Symbol: Easy - Statistics

General Stats
  • This quiz has been taken 209 times
  • The average score is 60 of 114
Answer Stats
ANSWER % Correct
Hydrogen
92%
Helium
89%
Oxygen
83%
Lithium
82%
Neon
80%
Gold
78%
Carbon
77%
Nitrogen
77%
Silver
76%
Boron
75%
Copper
73%
Aluminium
71%
Argon
71%
Uranium
71%
Calcium
69%
Iron
69%
Magnesium
69%
Plutonium
69%
Potassium
69%
Beryllium
68%
Chlorine
68%
Einsteinium
67%
Sodium
67%
Zinc
67%
Krypton
66%
Phosphorus
65%
Arsenic
64%
Fluorine
64%
Cobalt
63%
Germanium
63%
Tin
63%
Manganese
61%
Radon
61%
Lead
59%
Platinum
59%
Vanadium
59%
Francium
58%
Nickel
58%
Xenon
58%
Chromium
57%
Silicon
57%
Yttrium
57%
Californium
56%
Cesium
56%
Gallium
56%
Iodine
56%
Sulfur
56%
Neptunium
55%
Bromine
54%
Curium
54%
Mercury
54%
Radium
54%
Barium
53%
Selenium
53%
Tungsten
53%
Americium
52%
Cadmium
51%
Indium
51%
Scandium
51%
Strontium
51%
Titanium
51%
Zirconium
51%
Antimony
50%
Astatine
50%
Iridium
50%
Ytterbium
50%
Rutherfordium
48%
Bismuth
47%
Osmium
47%
Polonium
47%
Actinium
46%
Bohrium
46%
Europium
46%
Lawrencium
46%
Erbium
45%
Molybdenum
44%
Nobelium
44%
Palladium
44%
Berkelium
43%
Cerium
43%
Holmium
43%
Lanthanum
43%
Hafnium
42%
Mendelevium
42%
Rubidium
42%
Fermium
41%
Niobium
41%
Thorium
41%
Rhenium
40%
Tantalum
40%
Thallium
40%
Rhodium
39%
Ruthenium
39%
Tellurium
38%
Dubnium
36%
Gadolinium
36%
Lutetium
36%
Technetium
36%
Dysprosium
35%
Seaborgium
35%
Promethium
34%
Terbium
34%
Copernicium
33%
Samarium
33%
Thulium
33%
Darmstadtium
32%
Hassium
32%
Praseodymium
32%
Protactinium
32%
Livermorium
31%
Meitnerium
31%
Neodymium
31%
Flerovium
30%
Roentgenium
30%
No matching quizzes found
Score Distribution
Percent of People with Each Score
Percentile by Number Answered
Your Score History
You have not taken this quiz